000
00333 a2200157 4500
001
178889
020
_a
040
_c
Magnum
100
_a
Rosa, Joao Guimaraes
240
1
0
_a
Noites do sertão
_l
por
245
1
0
_a
Noites do sertão
362
0
_a
1899
440
1
_a
Nova Fronteira
697
_a
MAGNITO: A/ROMANCE
942
_c
BK
999
_c
178889
_d
178889